| 000 | 00764nam a22002295a 4500 | ||
|---|---|---|---|
| 008 | 150819s2014 ii a frb 001 0 eng d | ||
| 020 | _a9788123924175 | ||
| 040 |
_a EG-ScBUE _beng _c EG-ScBUE _d EG-ScBUE |
||
| 082 | 0 | 4 |
_a625.7 _bSAX _222 |
| 100 | 1 |
_aSaxena, Subhash C. _938811 |
|
| 245 | 1 | 0 |
_aTextbook of highway and traffic engineering / _cSubhash C. Saxena. |
| 250 | _a1st ed. | ||
| 260 |
_aNew Delhi : _bCBS Publishers & Distributors, _c2014. |
||
| 300 |
_axxxviii, 909 p. : _bill. ; _c24 cm. |
||
| 500 | _aIndex : p. 903-909. | ||
| 504 | _aBibliography : p. 895-901. | ||
| 650 | 0 |
_aHighway engineering. _2BUEsh |
|
| 650 | 0 |
_aTraffic engineering. _2BUEsh |
|
| 651 | _2BUEsh | ||
| 653 |
_bENGCIV _bENGGEN _cAugust2015 _cNovember2015 |
||
| 942 |
_2ddc _k625.7 SAX |
||
| 999 |
_c20655 _d20627 |
||